000 00181nam a2200085Ia 4500
008 180219s9999 xx 000 0 und d
100 _aParveen Albdha
245 0 _aBal Vikash
260 _aAastha
260 _c2010
999 _c41563
_d41563